| 000 | 01403nam a2200361 a 4500 | ||
|---|---|---|---|
| 001 | ebr10479650 | ||
| 003 | CaPaEBR | ||
| 006 | m u | ||
| 007 | cr cn||||||||| | ||
| 008 | 050930s2005 enka sb 001 0 eng d | ||
| 010 | _z 2005282954 | ||
| 020 | _z0745324053 (hbk.) | ||
| 020 | _z0745324045 (pbk.) | ||
| 020 | _z9780745324050 | ||
| 020 | _z9781849642736 (e-book) | ||
| 040 |
_aCaPaEBR _cCaPaEBR |
||
| 035 | _a(OCoLC)244569566 | ||
| 050 | 1 | 4 |
_aHC79.E5 _bS4395 2005eb |
| 082 | 0 | 4 |
_a333.72 _222 |
| 100 | 1 | _aSimms, Andrew. | |
| 245 | 1 | 0 |
_aEcological debt _h[electronic resource] : _bthe health of the planet and the wealth of nations / _cAndrew Simms. |
| 260 |
_aLondon ; _aAnn Arbor, Mich. : _bPluto Press, _c2005. |
||
| 300 |
_ax, 214 p. : _bill. |
||
| 504 | _aIncludes bibliographical references and index. | ||
| 533 |
_aElectronic reproduction. _bPalo Alto, Calif. : _cebrary, _d2013. _nAvailable via World Wide Web. _nAccess may be limited to ebrary affiliated libraries. |
||
| 650 | 0 | _aEnvironmental economics. | |
| 650 | 0 |
_aEnvironmental protection _xCitizen participation. |
|
| 650 | 0 |
_aConsumption (Economics) _xEnvironmental aspects. |
|
| 650 | 0 | _aGlobal warming. | |
| 655 | 7 |
_aElectronic books. _2local |
|
| 710 | 2 | _aebrary, Inc. | |
| 856 | 4 | 0 |
_uhttp://site.ebrary.com/lib/rucke/Doc?id=10479650 _zAn electronic book accessible through the World Wide Web; click to view |
| 999 |
_c117579 _d117579 |
||